Pelham Homes Limited v SoS Environment and Runnymede BC (Record no. 46923)
[ view plain ]
| 000 -LEADER | |
|---|---|
| fixed length control field | 01630cab a2200229 4500 |
| 001 - CONTROL NUMBER | |
| control field | ABS52352 |
| 008 - FIXED-LENGTH DATA ELEMENTS--GENERAL INFORMATION | |
| fixed length control field | 090401t1995 xxu||||| |||| 00| 0 eng d |
| 035 ## - SYSTEM CONTROL NUMBER | |
| System control number | (Sirsi) u74344 |
| 041 ## - LANGUAGE CODE | |
| Language code of text/sound track or separate title | eng |
| 245 ## - TITLE STATEMENT | |
| Title | Pelham Homes Limited v SoS Environment and Runnymede BC |
| 260 ## - PUBLICATION, DISTRIBUTION, ETC. | |
| Date of publication, distribution, etc. | 1995 |
| 350 ## - PRICE (NR) (BK AM CF MU VM SE) [OBSOLETE] | |
| Price | 0 |
| 490 ## - SERIES STATEMENT | |
| Series statement | Property and Compensation Reports |
| Volume/sequential designation | (1995) 65 PCR 64-78(15) |
| 520 ## - SUMMARY, ETC. | |
| Summary, etc. | QBD 20 May 1994. The applicants (P) are owners of a site of open land identified on the local plan as a site for housing, phased for development after 2001. Following a local plan inquiry the Inspector recommended that this site`s development be brought forward to 1996-2001. The borough council (R), did not accept this and altered the phasing of development under the plan in respect of other sites without bringing forward P`s site and refused to reopen the inquiry on the grounds that `other factors have been taken into account`. P objected and the Planning and Development Committee held that the plan should be adopted forthwith. P challenged the validity of the plan on the grounds that R failed to give adequate reasons for rejecting the Inspector`s recommendation and was in breach of Town and Country Planning (Structure and Local Plans) Regulations 1982. This application was dismissed on the grounds that R`s reasons were adequate and intelligible. |
| 650 ## - SUBJECT ADDED ENTRY--TOPICAL TERM | |
| Topical term or geographic name entry element | DEVELOPMENT PHASING |
| 650 ## - SUBJECT ADDED ENTRY--TOPICAL TERM | |
| Topical term or geographic name entry element | HOUSING DEVELOPMENT |
| 650 ## - SUBJECT ADDED ENTRY--TOPICAL TERM | |
| Topical term or geographic name entry element | LOCAL DEVELOPMENT PLANS |
| 650 ## - SUBJECT ADDED ENTRY--TOPICAL TERM | |
| Topical term or geographic name entry element | TOWN AND COUNTRY (STRUCTURE AND LOCAL PLANS) REGULATIONS 1982 |
| 690 ## - LOCAL SUBJECT ADDED ENTRY--TOPICAL TERM (OCLC, RLIN) | |
| Topical term or geographic name as entry element | PLANNING LAW AND PRACTICE-CASE LAW |
| 942 ## - ADDED ENTRY ELEMENTS (KOHA) | |
| Suppress in OPAC | 0 |
| 948 ## - LOCAL PROCESSING INFORMATION (OCLC); SERIES PART DESIGNATOR (RLIN) | |
| c (OCLC) | 04/03/1997 |
| Withdrawn status | Lost status | Source of classification or shelving scheme | Damaged status | Not for loan | Home library | Current library | Shelving location | Date acquired | Total Checkouts | Full call number | Barcode | Date last seen | Copy number | Price effective from | Koha item type |
|---|---|---|---|---|---|---|---|---|---|---|---|---|---|---|---|
| Dewey Decimal Classification | London | London | Journal article | 14/09/1999 | ABS52352 | 74344-1001 | 06/08/2019 | 1 | 06/08/2019 | Law report |